<?xml version="1.0" encoding="UTF-8"?>
<record
    xmlns:xsi="http://www.w3.org/2001/XMLSchema-instance"
    xsi:schemaLocation="http://www.loc.gov/MARC21/slim http://www.loc.gov/standards/marcxml/schema/MARC21slim.xsd"
    xmlns="http://www.loc.gov/MARC21/slim">

  <leader>00683nam a22001577a 4500</leader>
  <controlfield tag="003">OSt</controlfield>
  <controlfield tag="005">20150925170320.0</controlfield>
  <controlfield tag="008">150925b        xxu||||| |||| 00| 0 eng d</controlfield>
  <datafield tag="040" ind1=" " ind2=" ">
    <subfield code="c">RUA</subfield>
  </datafield>
  <datafield tag="082" ind1=" " ind2=" ">
    <subfield code="a">AGR EN 2013 B054 Or.1</subfield>
  </datafield>
  <datafield tag="100" ind1=" " ind2=" ">
    <subfield code="9">1359</subfield>
    <subfield code="a">EN, SAM.</subfield>
  </datafield>
  <datafield tag="245" ind1=" " ind2=" ">
    <subfield code="a">Comparison of different rate of biocin-F on tomato under net house condition &#x1794;&#x17D2;&#x179A;&#x17C0;&#x1794;&#x1792;&#x17C0;&#x1794; BIOCIN-F &#x178A;&#x17C2;&#x179B;&#x1798;&#x17B6;&#x1793;&#x1780;&#x17C6;&#x179A;&#x17B7;&#x178F;&#x1795;&#x17D2;&#x179F;&#x17C1;&#x1784;&#x17D7;&#x1782;&#x17D2;&#x1793;&#x17B6;&#x1791;&#x17C5;&#x179B;&#x17BE;&#x178A;&#x17C6;&#x178E;&#x17B6;&#x17C6;&#x1794;&#x17C9;&#x17C1;&#x1784;&#x1794;&#x17C9;&#x17C4;&#x17C7;&#x1796;&#x17BC;&#x1787;&#x1793;&#x17B6;&#x1784;&#x178F;&#x17C6; &#x1793;&#x17C5;&#x179B;&#x1780;&#x17D2;&#x1781;&#x1781;&#x178E;&#x17D2;&#x178C;&#x1780;&#x17D2;&#x1793;&#x17BB;&#x1784;&#x1795;&#x17D2;&#x1791;&#x17C7;&#x179F;&#x17C6;&#x178E;&#x17B6;&#x1789;&#x17CB;</subfield>
  </datafield>
  <datafield tag="260" ind1=" " ind2=" ">
    <subfield code="a">Phnom Penh</subfield>
    <subfield code="b">RUA</subfield>
    <subfield code="c">2013</subfield>
  </datafield>
  <datafield tag="300" ind1=" " ind2=" ">
    <subfield code="a">xi; 50p.</subfield>
    <subfield code="b">ill.</subfield>
    <subfield code="c">29cm.</subfield>
  </datafield>
  <datafield tag="942" ind1=" " ind2=" ">
    <subfield code="2">ddc</subfield>
    <subfield code="c">AGR</subfield>
  </datafield>
  <datafield tag="999" ind1=" " ind2=" ">
    <subfield code="c">1274</subfield>
    <subfield code="d">1274</subfield>
  </datafield>
  <datafield tag="952" ind1=" " ind2=" ">
    <subfield code="0">0</subfield>
    <subfield code="1">0</subfield>
    <subfield code="2">ddc</subfield>
    <subfield code="4">0</subfield>
    <subfield code="6">AGR_EN_2013_000000000000000_B054_OR_1</subfield>
    <subfield code="7">0</subfield>
    <subfield code="9">5429</subfield>
    <subfield code="a">LBB</subfield>
    <subfield code="b">LBB</subfield>
    <subfield code="c">B054</subfield>
    <subfield code="d">2015-09-25</subfield>
    <subfield code="o">AGR EN 2013 B054 Or.1</subfield>
    <subfield code="p">RUA005653</subfield>
    <subfield code="r">2015-09-25</subfield>
    <subfield code="w">2015-09-25</subfield>
    <subfield code="y">AGR</subfield>
  </datafield>
  <datafield tag="952" ind1=" " ind2=" ">
    <subfield code="0">0</subfield>
    <subfield code="1">0</subfield>
    <subfield code="2">ddc</subfield>
    <subfield code="4">0</subfield>
    <subfield code="6">AGR_EN_2013_000000000000000_B054_OR_2</subfield>
    <subfield code="7">0</subfield>
    <subfield code="9">5430</subfield>
    <subfield code="a">LBB</subfield>
    <subfield code="b">LBB</subfield>
    <subfield code="c">B054</subfield>
    <subfield code="d">2015-09-25</subfield>
    <subfield code="l">2</subfield>
    <subfield code="o">AGR EN 2013 B054 Or.2</subfield>
    <subfield code="p">RUA005485</subfield>
    <subfield code="r">2016-10-05</subfield>
    <subfield code="s">2016-09-13</subfield>
    <subfield code="w">2015-09-25</subfield>
    <subfield code="y">AGR</subfield>
  </datafield>
  <datafield tag="952" ind1=" " ind2=" ">
    <subfield code="0">0</subfield>
    <subfield code="1">0</subfield>
    <subfield code="2">ddc</subfield>
    <subfield code="4">0</subfield>
    <subfield code="6">AGR_EN_2013_000000000000000_B054_OR_3</subfield>
    <subfield code="7">0</subfield>
    <subfield code="9">5431</subfield>
    <subfield code="a">LBB</subfield>
    <subfield code="b">LBB</subfield>
    <subfield code="c">B054</subfield>
    <subfield code="d">2015-09-25</subfield>
    <subfield code="o">AGR EN 2013 B054 Or.3</subfield>
    <subfield code="p">RUA005415</subfield>
    <subfield code="r">2015-09-25</subfield>
    <subfield code="w">2015-09-25</subfield>
    <subfield code="y">AGR</subfield>
  </datafield>
  <datafield tag="952" ind1=" " ind2=" ">
    <subfield code="0">0</subfield>
    <subfield code="1">0</subfield>
    <subfield code="2">ddc</subfield>
    <subfield code="4">0</subfield>
    <subfield code="6">AGR_EN_2013_000000000000000_B054_OR_4</subfield>
    <subfield code="7">0</subfield>
    <subfield code="9">5432</subfield>
    <subfield code="a">LBB</subfield>
    <subfield code="b">LBB</subfield>
    <subfield code="c">B054</subfield>
    <subfield code="d">2015-09-25</subfield>
    <subfield code="l">3</subfield>
    <subfield code="m">1</subfield>
    <subfield code="o">AGR EN 2013 B054 Or.4</subfield>
    <subfield code="p">RUA005491</subfield>
    <subfield code="r">2016-08-01</subfield>
    <subfield code="s">2016-07-13</subfield>
    <subfield code="w">2015-09-25</subfield>
    <subfield code="y">AGR</subfield>
  </datafield>
  <datafield tag="952" ind1=" " ind2=" ">
    <subfield code="0">0</subfield>
    <subfield code="1">0</subfield>
    <subfield code="2">ddc</subfield>
    <subfield code="4">0</subfield>
    <subfield code="6">AGR_EN_2013_000000000000000_B054_OR_5</subfield>
    <subfield code="7">0</subfield>
    <subfield code="9">5433</subfield>
    <subfield code="a">LBB</subfield>
    <subfield code="b">LBB</subfield>
    <subfield code="c">B054</subfield>
    <subfield code="d">2015-09-25</subfield>
    <subfield code="l">2</subfield>
    <subfield code="o">AGR EN 2013 B054 Or.5</subfield>
    <subfield code="p">RUA005563</subfield>
    <subfield code="r">2017-09-12</subfield>
    <subfield code="s">2017-08-16</subfield>
    <subfield code="w">2015-09-25</subfield>
    <subfield code="y">AGR</subfield>
  </datafield>
  <datafield tag="952" ind1=" " ind2=" ">
    <subfield code="0">0</subfield>
    <subfield code="1">0</subfield>
    <subfield code="2">ddc</subfield>
    <subfield code="4">0</subfield>
    <subfield code="6">AGR_EN_2013_000000000000000_B054_OR_6</subfield>
    <subfield code="7">0</subfield>
    <subfield code="9">5434</subfield>
    <subfield code="a">LBB</subfield>
    <subfield code="b">LBB</subfield>
    <subfield code="c">B054</subfield>
    <subfield code="d">2015-09-25</subfield>
    <subfield code="o">AGR EN 2013 B054 Or.6</subfield>
    <subfield code="p">RUA005635</subfield>
    <subfield code="r">2015-09-25</subfield>
    <subfield code="w">2015-09-25</subfield>
    <subfield code="y">AGR</subfield>
  </datafield>
  <datafield tag="952" ind1=" " ind2=" ">
    <subfield code="0">0</subfield>
    <subfield code="1">0</subfield>
    <subfield code="2">ddc</subfield>
    <subfield code="4">0</subfield>
    <subfield code="6">AGR_EN_2013_000000000000000_B1_194_OR_1</subfield>
    <subfield code="7">0</subfield>
    <subfield code="9">76508</subfield>
    <subfield code="a">LBB</subfield>
    <subfield code="b">LBB</subfield>
    <subfield code="c">B1.194</subfield>
    <subfield code="d">2018-12-24</subfield>
    <subfield code="l">3</subfield>
    <subfield code="o">AGR EN 2013 B1.194 Or.1</subfield>
    <subfield code="p">A41467</subfield>
    <subfield code="r">2020-03-11</subfield>
    <subfield code="s">2020-02-19</subfield>
    <subfield code="w">2018-12-24</subfield>
    <subfield code="y">AGR</subfield>
  </datafield>
  <datafield tag="952" ind1=" " ind2=" ">
    <subfield code="0">0</subfield>
    <subfield code="1">0</subfield>
    <subfield code="2">ddc</subfield>
    <subfield code="4">0</subfield>
    <subfield code="6">AGR_EN_2013_000000000000000_B1_218_OR_1</subfield>
    <subfield code="7">0</subfield>
    <subfield code="9">78290</subfield>
    <subfield code="a">LBB</subfield>
    <subfield code="b">LBB</subfield>
    <subfield code="c">B1.218</subfield>
    <subfield code="d">2019-02-15</subfield>
    <subfield code="o">AGR EN 2013 B1.218 Or.1</subfield>
    <subfield code="p">A39910</subfield>
    <subfield code="r">2019-02-15</subfield>
    <subfield code="w">2019-02-15</subfield>
    <subfield code="y">AGR</subfield>
  </datafield>
</record>
